Data analysis in community and landscape ecology /
Guardado en:
| Otros Autores: | , , |
|---|---|
| Formato: | Libro |
| Idioma: | English |
| Publicado: |
Cambridge :
Cambridge University Press,
1995.
|
| Edición: | New ed., with corr. |
| Etiquetas: |
Agregar Etiqueta
Sin Etiquetas, Sea el primero en etiquetar este registro!
|
| LEADER | 01272nam a2200217 a 4500 | ||
|---|---|---|---|
| 001 | MAT.inmabb001660 | ||
| 008 | 030523s1995####enk######b####001#0#eng#d | ||
| 005 | 20170524120626.0 | ||
| 245 | 0 | 0 | |a Data analysis in community and landscape ecology / |c edited by R. H. G. Jongman, C. J. F. ter Braak and O. F. R. Van Tongeren. |
| 250 | |a New ed., with corr. | ||
| 260 | |a Cambridge : |b Cambridge University Press, |c 1995. | ||
| 300 | |a xxi, 299 p. : |b il. ; |c 23 cm. | ||
| 504 | |a Incluye referencias bibliográficas (p. 275-290) e índice. | ||
| 505 | 0 | |a 1. Introduction / R. H. G. Jongman -- 2. Data collection / J. C. Jager and C. W. N. Looman -- 3. Regression / C. J. F. ter Braak and C. W. N. Looman -- 4. Calibration / C. J. F. ter Braak -- 5. Ordination / C. J. F. ter Braak -- 6. Cluster analysis / O. F. R. van Tongeren -- 7. Spatial aspects of ecological data / P. A. Burrough -- 8. Numerical methods in practice: case-studies / P. A. Burrough, J. A. F. Oudhof, A. Barendregt, R. H. G. Jongman and T. J. van de Nes | |
| 020 | |a 0521475740 (rústica) | ||
| 700 | 1 | |a Jongman, R. H. G. |4 edt | |
| 700 | 1 | |a Braak, C. J. F. ter. |4 edt | |
| 700 | 1 | |a Van Tongeren, O. F. R. |4 edt | |
| 084 | |a 62P10 (92-01 92D40) |2 msc2000 | ||
| 010 | |a 94031639 | ||
| 859 | |h 62 |i D232 |p A-8068 |b BIB. MATEMATICA | ||
